000
00326nam a2200133Ia 4500
005
20251222153627.0
008
251222s9999||||xx |||||||||||||| ||spa||
082
_a
801/S74
100
_a
Spence, Jonathan
245
0
_a
Mao Zedong
250
_a
1ra .ed
264
_b
Biblioteca ABC portagonistas de la historia
942
_c
LIB
999
_c
32199
_d
32199